000 00517nam a2200181Ia 4500
005 20250508153752.0
008 008 250505s9999 xx 000 0 eng d
037 _aTextual
040 _aFEDL
_beng
_cFEDL
041 _aeng
_2eng
084 _a370, GEN
_qFEDL
245 0 _aGeneral education in school and college : A committee report
260 _aCambridge
_bHarvard University Press
_c1952
300 _av,142p.
650 _aEducation
942 _cTEXL
_h370, GEN
999 _c1345356
_d1345356